| 000 | 00949nam a2200241 a 4500 | ||
|---|---|---|---|
| 008 | |||
| 020 | _a1901396703 (pbk.) | ||
| 049 | _aMAIN | ||
| 090 | 0 | 1 | _aTD899.P37 |
| 245 | 0 | 0 |
_aManaging pesticide waste and packaging : _bproceedings of a symposium held at the University of Kent, Canterbury, UK, 30 March-1 April 1998 / _cchaired by T.H.Robinson. |
| 260 |
_aSurrey : _bBritish Crop Protection Council, _cc1998. |
||
| 300 |
_ax, 228 p. : _bill. ; _c24 cm. |
||
| 440 | 0 |
_aBCPC symposium proceedings ; _vno 70. |
|
| 504 | _aIncludes bibliographical references. | ||
| 650 | 0 |
_aPesticides industry _xWaste disposal _zGreat Britain _vCongresses. |
|
| 650 | 0 |
_aPackaging _xEnvironmental aspects _zGreat Britain _vCongresses. |
|
| 710 | 2 | _aBritish Crop Protection Council. | |
| 907 |
_a.b10115006 _b18-01-07 _c23-03-04 |
||
| 003 | |||
| 005 | 20230123133643.0 | ||
| 040 | _cNUST | ||
| 942 |
_cBOOKS _kTD899.P37 |
||
| 999 |
_c152334 _d152334 |
||